| 000 | 00623nam a2200205 a 4500 | ||
|---|---|---|---|
| 003 | PILC | ||
| 005 | 20160318101953.0 | ||
| 008 | 120911s19uu xx 00 eng d | ||
| 020 | _a9789381460207 | ||
| 050 |
_aG 155.A1 _b.C361 2012 |
||
| 100 | _aChand, Ramesh. | ||
| 245 |
_aHospitality destination and site management / _cRamesh Chand. |
||
| 250 | _a1st edition. | ||
| 260 |
_aNew Delhi, India : _bCentrum Press, _c2012. |
||
| 300 |
_aviii, 248 pages ; _c22 cm. |
||
| 500 | _aincludes bibliographical references and index. | ||
| 650 |
_aHospitality industry _xManagement. |
||
| 942 |
_cBK _2lcc _kFOR |
||
| 999 |
_c22109 _d22109 |
||